Datum a čas kvízu
33
Celkem bodů
Celkový počet nahraných bodů na tomto kvízu bez doplňovacích otázek.
7.
Pořadí na kvízu
Konečné umístění týmu na tomto kvízu.
Zaznamenané odpovědi
| # | Otázka | Odpověď | Body | Výsledky |
|---|---|---|---|---|
| 1. | V pondělí vstoupila v Česku do... | zkušební komisaři (v autoškolách) | 0 | |
| 2. | Pražské letiště mělo minulý tý... | Nizozemsku | 1 | |
| 3. | Oblíbený animovaný seriál půvo... | Jen počkej, zajíci! | 1 | |
| 4. | Premiér v demisi Andrej Babiš... | horu Říp | 0 | |
| 5. | Prohrávat 0:2, dostat červenou... | Slovácko | 1 | |
| 6. | Vítězné téma facebookového hla... | Dařbuján a Pandrhola | 0 | |
| 7. | Další otázka se bude týkat zná... | Hannibal Lecter | 1 | |
| 8. | V roce 2000 se režisér F. A. B... | 1A 2C 3B 4D | 1 | |
| 9. | „Jedno vám teda povim bejt idi... | Forrest Gump | 1 | |
| 10. | Podle knih Stephena Kinga byly... | 1D 2C 3B 4A | 0 |